15 Largest Cities in Montenegro🇲🇪 - Statistics

General Stats
  • This quiz has been taken 171 times
  • The average score is 10 of 15
Answer Stats
Population City % Correct
136k Podgorica
98%
17k Bar
85%
5k Kotor
85%
58k Niksic
82%
18k Budva
81%
19k Herceg-Novi
77%
10k Ulcinj
72%
6k Tivat
70%
15k Cetinje
68%
15k Bijelo Polje
63%
19k Pljevlja
57%
11k Berane
52%
5k Danilovgrad
49%
9k Rozaje
44%
5k Dobrota
4%
No matching quizzes found
Score Distribution
Percent of People with Each Score
Percentile by Number Answered
Your Score History
You have not taken this quiz